|
|
|
|
| LEADER |
00000nam a2200000Ia 4500 |
| 008 |
180705b1981 cr ||||| |||| 00| | spa d |
| 999 |
|
|
|c 2282
|d 2282
|
| 090 |
|
|
|a 18.09.00
|b 507
|
| 100 |
1 |
|
|a Esquivel Alfaro, Juan Manuel
|9 157
|
| 245 |
1 |
0 |
|a Elaboración y validación de los instrumentos de evaluación docente de la Universidad de Costa Rica /
|c Juan Manuel Esquivel Alfaro, Alicia Gurdián Fernández
|
| 260 |
|
|
|a San José, Costa Rica :
|c 1981
|
| 300 |
|
|
|a 39
|
| 610 |
|
4 |
|a UNIVERSIDAD DE COSTA RICA
|9 714
|
| 650 |
1 |
4 |
|a EVALUACIÓN
|9 287
|
| 650 |
1 |
4 |
|a DOCENCIA
|9 1841
|
| 650 |
1 |
4 |
|a ESTUDIANTES
|9 332
|
| 650 |
1 |
4 |
|a INSTRUMENTOS
|9 3927
|
| 700 |
1 |
|
|9 169
|a Gurdián Fernández, Alicia
|
| 942 |
|
|
|i 00487
|h 18.09.00 507
|2 z
|c 01
|